| 000 | 00791cab a2200241 4500 | ||
|---|---|---|---|
| 001 | WB3007-28 | ||
| 008 | 090401t1994 xxu||||| |||| 00| 0 eng d | ||
| 035 | _a(Sirsi) u71576 | ||
| 041 | _aeng | ||
| 245 | _aPlanning permission | ||
| 260 | _c1994 | ||
| 350 | _a0 | ||
| 490 |
_aEstates Gazette Case Summaries _v1994 EGCS 17(1) |
||
| 520 | _a"Homebase Ltd v SoS Environment and another" CA 31 January 1994 upheld a High Court decision to allow an Inspector`s refusal of planning permission due to unacceptable noise to stand. Appeal dismissed. | ||
| 650 | _aNOISE LEVELS | ||
| 650 | _aPLANNING APPEALS | ||
| 650 | _aPLANNING PERMISSION | ||
| 650 | _aREFUSAL | ||
| 650 | _aUNACCEPTABLE NOISE | ||
| 690 | _aPLANNING LAW AND PRACTICE-CASE LAW | ||
| 942 | _n0 | ||
| 948 | _c04/03/1997 | ||
| 999 |
_c45146 _d45146 |
||